000 00238nam a2200097Ia 4500
001 943404
005 20250826215342.0
008 250824s9999 xx 000 0 und d
245 0 _aKÖRLÜK
_cJOSE SARAMAGO
260 _bKIRMIZI KEDİ YAYINLARI
999 _c943404
_d943404